00546 2200205 4500001002100000005001500021035002000036007000300056008004100059020000800100082001000108084001600118100002000134245005300154250002000207260003100227300004300258650001600301700002300317INLIS00000000113898320220121100238 a0010-0122004138ta220121 0 ind  a... aF 813 aF 813 MIC s0 aMichiyo Akaishi1 aSetinggi Langit dan Bintang 7 /cMichiyo Akaishi aCetakan Pertama aJakarta :bGramedia,c1993 a186 halaman :bilustrasi ;c17 x 11 cm 4aFiksi Komik0 aPenerjemah : GAtot